| 000 | 00000nam##2200000za#4500 |
| 001 | 9.625558 |
| 003 | CaOODSP |
| 005 | 20200401034752 |
| 007 | ta |
| 008 | 150406|2000||||xxc||||| f|0| 0 fre|d |
| 040 | |aCaOODSP|bfre |
| 043 | |an-cn--- |
| 086 | 1 |aFA1-2000/3F |
| 110 | 1 |aCanada. |bBureau du vérificateur général. |
| 245 | 10|aVolume 3, décembre 2000 |
| 260 | |aOttawa - Ontario : |bBureau du vérificateur général du Canada |c2000. |
| 300 | |a14 volumes, dans un boîtier. : |bfigures, graphiques, tableaux ; |c29 cm. |
| 490 | 1 |aRapport du vérificateur général du Canada à la Chambre des communes, 2000 |
| 500 | |aSommaire: Questions d'une importance particulière, 2000: avant-propos et points saillants.--Chapitre 18: La régie des sociétés d'État.--Chapitre 19: L'information sur le rendement communiquée au Parlement: les progrès sont trop lents.--Chapitre 20: La gestion ministérielle axée sur les résultats et la gestion des questions horizontales axée sur les résultats.--Chapitre 21: Le Programme de recrutement postsecondaire de la fonction publique fédérale.--Chapitre 22: L'élaboration de la Norme générale de classification: suivi.--Chapitre 23: Les technologies de l'information: l'acquisition de biens et de services.--Chapitres 24-28: Protection de la santé et sécurité.--Chapitre 29: Secrétariat du Conseil du Trésor: rapport annuel sur les marchés du gouvernement, 1998.--Chapitre 30: Pêches et Océans: Les effets de la salmoniculture en Colombie-Britannique sur la gestion des stocks de saumon sauvage.--Chapitre 31: Pêches et Océans: la gestion de la flotte.--Chapitre 32: Défense national: la productivité des services de soutien de la défense: un rapport d'étape.--Chapitres 33-34: Autres observations et annexes.--Chapitre 35: La stratégie de développement durable du Bureau du vérificateur général. |
| 563 | |aCouverture souple |
| 590 | |a01-07|b2001-02-16 |
| 691 | 07|aVérification comptable|2gcpds |
| 691 | 07|aDépenses publiques|2gcpds |
| 775 | 08|tVolume 3, December 2000 |w(CaOODSP)9.615493 |
| 776 | 0#|tRapport du vérificateur général du Canada. Avant-propos |w(CaOODSP)9.602786 |
| 776 | 0#|tRapport du vérificateur général du Canada. Questions d'une importance particulière : 2000 |w(CaOODSP)9.602787 |
| 776 | 0#|tRapport du vérificateur général du Canada. Chapitre 18, : |w(CaOODSP)9.602788 |
| 776 | 0#|tRapport du vérificateur général du Canada. Chapitre 19, : |w(CaOODSP)9.602789 |
| 776 | 0#|tRapport du vérificateur général du Canada. Chapitre 21, : |w(CaOODSP)9.602791 |
| 776 | 0#|tRapport du vérificateur général du Canada. Chapitre 22, : |w(CaOODSP)9.602792 |
| 776 | 0#|tRapport du vérificateur général du Canada. Chapitre 23, : |w(CaOODSP)9.602793 |
| 776 | 0#|tRapport du vérificateur général du Canada. Chapitre 24, : |w(CaOODSP)9.602794 |
| 776 | 0#|tRapport du vérificateur général du Canada. Chapitre 25, : |w(CaOODSP)9.602795 |
| 776 | 0#|tRapport du vérificateur général du Canada. Chapitre 26, : |w(CaOODSP)9.602796 |
| 776 | 0#|tRapport du vérificateur général du Canada. Chapitre 27, : |w(CaOODSP)9.602797 |
| 776 | 0#|tRapport du vérificateur général du Canada. Chapitre 28, : |w(CaOODSP)9.602798 |
| 776 | 0#|tRapport du vérificateur général du Canada. Chapitre 29, : |w(CaOODSP)9.602799 |
| 776 | 0#|tRapport du vérificateur général du Canada. Chapitre 31, : |w(CaOODSP)9.602802 |
| 776 | 0#|tRapport du vérificateur général du Canada. Chapitre 32, : |w(CaOODSP)9.602803 |
| 776 | 0#|tRapport du vérificateur général du Canada. Chapitre 33, : |w(CaOODSP)9.602804 |
| 776 | 0#|tRapport du vérificateur général du Canada. Chapitre 34, : |w(CaOODSP)9.602805 |
| 776 | 0#|tRapport du vérificateur général du Canada. Chapitre 35, : |w(CaOODSP)9.602808 |
| 776 | 0#|tRapport du vérificateur général du Canada. Chapitre 20, : |w(CaOODSP)9.602790 |
| 776 | 0#|tRapport du vérificateur général du Canada. Chapitre 30, : |w(CaOODSP)9.602800 |
| 830 | #0|aRapport du vérificateur général du Canada à la Chambre des communes, 2000.|w(CaOODSP)9.513011 |